Lengua castellana : 5 primaria
Salvato in:
| Ente Autore: | |
|---|---|
| Altri autori: | |
| Natura: | Libro |
| Lingua: | spagnolo |
| Pubblicazione: |
Madrid :
Santillana,
2009
|
| Catalogo: | MANES: Risultati della ricerca del catalogo della biblioteca |
| Libro di testo Classificazione: |
|
| Serie: | Proyecto La Casa del Saber Mochila Ligera
|
| Tags: |
Aggiungi Tag
Nessun Tag, puoi essere il primo ad aggiungerne!!
|
| Aggiunto a: | 2002-07-23 |
| Cambiato in: | 2025-05-07 |
MARC
| LEADER | 00000cam a2200000 i 4500 | ||
|---|---|---|---|
| 005 | 20250507134345.0 | ||
| 008 | 020724s2009 espao fp 000 0 spa d | ||
| 020 | |a 9788429493207 | ||
| 040 | |a uned |b spa |c entro-manes | ||
| 245 | 0 | 0 | |a Lengua castellana : |b 5 primaria / |c [es una obra colectiva, concebida y realizada en el Departamento de Primaria de Santillana Educación ; bajo la dirección de José Tomás Henao ; texto, Asunción Honrado ... (et al.) ; ilustración, Valeria Gallo] |
| 260 | |a Madrid : |b Santillana, |c 2009 | ||
| 300 | |a [2] v. : |b il. | ||
| 490 | 0 | |a Proyecto La Casa del Saber |a Mochila Ligera | |
| 505 | 0 | |a Contiene: |g V. 1. |t primer trimestre - |g V. 3. |t tercer trimestre | |
| 546 | |a España | ||
| 561 | |5 es-BUNED |3 L.T.M. 2883 |a España. Fondo Manes UNED |k MANES | ||
| 690 | 0 | |a LEN | |
| 691 | 0 | |a PRI | |
| 700 | 1 | |a Honrado, Asunción |9 36395 |a Tomás Henao, José |9 36396 | |
| 710 | 2 | |a Santillana Educación. |b Departamento de Primaria . |9 36397 | |
| 942 | |2 ddc |c BK | ||
| 999 | |c 92536 |d 92536 | ||
| 999 | |c manes:92536 |d 92536 | ||